| 000 | 01126nam a22002417a 4500 | ||
|---|---|---|---|
| 005 | 20080905121451.0 | ||
| 008 | 080905t xxu||||| |||| 00| 0 hin d | ||
| 010 | _aHIN-92859 | ||
| 020 |
_c200.00 _a9788189573188 |
||
| 035 | _aHN-65205 | ||
| 037 | _bDBAD / PUB | ||
| 040 |
_aDPL _bHN |
||
| 082 | _a551.22 | ||
| 100 |
_aशर्मा, श्यामसुंदर _928442 |
||
| 245 |
_aभूकंप / _cश्यामसुंदर शर्मा |
||
| 246 |
_aBhookamp _bby Shyam Sunder Sharma |
||
| 260 |
_aदिल्ली _bचिल्ड्रन बुक टैंपल _c2010 |
||
| 270 |
_aसी-55, गणेश नगर, पांडव नगर कॉम्प्लैक्स _bदिल्ली _e110092 |
||
| 300 |
_a184पृ _c22सेमी (सजिल्द) _bसचित्र |
||
| 650 | _928443 | ||
| 942 |
_adpl _cHN _2ddc _mशर्माश्या _h551.22 |
||
| 999 |
_c52747 _d52747 |
||